000 00990nam a22001937a 4500
003 NALT
005 20230818155055.0
008 s2555 th tha d
040 _aNALT
041 _atha
050 _aJQ 1745.A6
_bส291ร 2555
245 0 0 _aรายงานความก้าวหน้าการดำเนินงานตามมติสมัชชาปฏิรูประดับชาติ ครั้งที่ 1 พ.ศ.2554 และครั้งที่ 2 พ.ศ.2555 /
_cชูชัย ศุภวงศ์, บรรณาธิการ.
260 _aนนทบุรี :
_bสำนักงานปฏิรูป (สปร.),
_c2555.
300 _a216 หน้า :
_bภาพประกอบ, แผนภูมิ ;
_c26 ซม.
650 4 _aการปฏิรูปการเมือง
_zไทย
_99510
700 0 _931893
_aชูชัย ศุภวงศ์
850 _aNALT
942 _cGB
_2lcc
999 _c72467
_d72467
998 _j104
_k นางสาวสายฝน ดีงาม